000 01291nab a22002537a 4500
999 _c5978
_d5978
003 OSt
005 20260115172145.0
008 190605e xxu||||| |||| 00| 0 spa d
040 _cPJ
100 _91315
_aDiego, Julián A. de
245 1 3 _aLa evolución de los salarios a través de los convenios colectivos, el salario mínimo y la inflación /
_cJulián A. de Diego.
260 _aCiudad Autónoma de Buenos Aires :
_bThomson Reuters La Ley,
_c2022.
300 _ap. 5-12
500 _aCita: TR LALEY AR/DOC/3144/2022.
505 _aSumario: I. Introducción.— II. La evolución del Salario Mínimo Vital y Móvil.— III. La evolución de los salarios convencionales.— IV. La evolución de los salarios fuera de convenio.— V. Cambios necesarios para enfrentar la crisis.— VI. Conclusiones.
505 _t¿Te interesa el texto completo? Solicitalo al correo: koha@justierradelfuego.gov.ar
650 0 _91316
_aDERECHO LABORAL
650 0 _91323
_aCONTRATO DE TRABAJO
650 0 _91383
_aLEY DE CONTRATO DE TRABAJO
650 0 _91318
_aREMUNERACION
650 0 _91319
_aCONDICIONES DE TRABAJO
773 0 _02711
_93168
_dCiudad Autónoma de Buenos Aires : Thomson Reuters La Ley, 1999-2002.
_tRevista de derecho del trabajo. Nº 6 - Noviembre 2022
942 _2udc
_cANA